LIBRARY & INFORMATION CENTRE, KCAET, TAVANUR

ONLINE PUBLIC ACCESS CATALOGUE (OPAC)

Dhanashastra Tatvangal / (Record no. 4116)

MARC details
000 -LEADER
fixed length control field 00306cam a2200121ua 4500
082 ## - DEWEY DECIMAL CLASSIFICATION NUMBER
Classification number 330.1
Item number ALE/DH
100 ## - MAIN ENTRY--AUTHOR NAME
Personal name Alexander, Joseph K.
245 ## - TITLE STATEMENT
Title Dhanashastra Tatvangal /
250 ## - EDITION STATEMENT
Edition statement 5 /
260 ## - PUBLICATION, DISTRIBUTION, ETC. (IMPRINT)
Place of publication Thiruvananthapuram :
Name of publisher Kerala Bhasha Institute ,
Year of publication 1978.
300 ## - PHYSICAL DESCRIPTION
Number of Pages 503 ; .
942 ## - ADDED ENTRY ELEMENTS (KOHA)
Koha item type Books
Holdings
Withdrawn status Lost status Damaged status Home library Current library Date acquired Full call number Accession Number Koha item type
      KAUAET KAUAET 07/04/2012 330.1 14013 Books
      KAUAET KAUAET 25/10/2023 330.1 ALE/DH 14008 Books
      KAUAET KAUAET 25/10/2023 330.1 ALE/DH 14009 Books
      KAUAET KAUAET 25/10/2023 330.1 ALE/DH 14006 Books
Withdrawn     KAUAET KAUAET 25/10/2023 330.1 ALE/DH 14007 Books
      KAUAET KAUAET 26/10/2023 330.1 ALE/DH 13608 Books
      KAUAET KAUAET 26/10/2023 330.1 ALE/DH 14010 Books
      KAUAET KAUAET 26/10/2023 330.1 ALE/DH 14011 Books
      KAUAET KAUAET 26/10/2023 330.1 ALE/DH 14012 Books
      KAUAET KAUAET 26/10/2023 330.1 ALE/DH 14015 Books
      KAUAET KAUAET 16/11/2023 330.1 ALE/DH 14014 Books
free website counter